European Countries With the Most Emigrants - Statistics

General Stats
  • This quiz has been taken 29 times
  • The average score is 11 of 13
Answer Stats
Emigrants Country Per 100,000 % Correct
9.13m Russia 6.3k
100%
9.77m Ukraine 26k
100%
4.8m United Kingdom 6.9k
100%
4.3m Germany 5.1k
93%
2.94m Italy 5k
93%
1.62m Spain 3.4k
93%
2.55m France 3.8k
89%
4.57m Poland 12k
89%
1.8m Portugal 17k
82%
1.25m Bulgaria 19k
79%
4.58m Romania 24k
79%
1.61m Bosnia and Herzegovina 51k
75%
1.22m Albania 44k
68%
No matching quizzes found
Score Distribution
Percent of People with Each Score
Percentile by Number Answered
Your Score History
You have not taken this quiz